[Event "LSS BI-2010-P-00009"]
[Site "LSS email"]
[Date "2010.04.19"]
[Round "?"]
[White "Belanoff, Stuart B"]
[Black "Campbell, John"]
[Result "1-0"]
[WhiteElo "2270"]
[BlackElo "1548"]
[PlyCount "67"]
[EventDate "2010.04.22"]
[EventType "tourn (corr)"]
[EventRounds "10"]
[EventCountry "GER"]
[SourceTitle "Corr 2013"]
[Source "ChessBase"]
[SourceDate "2012.11.12"]
[SourceVersion "1"]
[SourceVersionDate "2012.11.12"]
[SourceQuality "1"]

1. e4 c5 2. Nf3 d6 3. d4 cxd4 4. Nxd4 e5 5. Bb5+ Bd7 6. Bxd7+ Qxd7 7. Nb3 Nc6 8. 0-0 Nf6 9. Nc3 Be7 10. Be3 0-0 11. Qd3 Nb4 12. Qd2 d5 13. a3 d4 14. axb4 dxe3 15. Qxd7 Nxd7 16. Nd5 exf2+ 17. Rxf2 Bh4 18. g3 Bd8 19. Kg2 Nf6 20. Re2 Ne8 21. c4 Nd6 22. c5 Nb5 23. Nc3 Nxc3 24. bxc3 a6 25. Rd2 f5 26. Rd7 Rb8 27. exf5 Rxf5 28. Rad1 Rf8 29. Nd2 a5 30. Ne4 a4 31. Nd6 Bf6 32. Ra1 Ra8 33. Rxb7 Rfd8 34. b5 1-0

[Event "LSS BI-2010-P-00009"]
[Site "LSS email"]
[Date "2010.04.19"]
[Round "?"]
[White "Campbell, John"]
[Black "Zolendowski, Cesary"]
[Result "0-1"]
[WhiteElo "1514"]
[BlackElo "2175"]
[PlyCount "92"]
[EventDate "2010.04.22"]
[EventType "tourn (corr)"]
[EventRounds "10"]
[EventCountry "GER"]
[SourceTitle "Telechess CBM 141"]
[Source "ChessBase"]
[SourceDate "2011.03.17"]
[SourceVersion "1"]
[SourceVersionDate "2011.03.17"]
[SourceQuality "1"]

1. d4 Nf6 2. c4 g6 3. Nf3 Bg7 4. Nc3 d5 5. cxd5 Nxd5 6. e4 Nxc3 7. bxc3 c5 8. Bb5+ Nc6 9. d5 Qa5 10. Rb1 a6 11. Ba4 b5 12. dxc6 Bxc3+ 13. Bd2 bxa4 14. Rc1 Bxd2+ 15. Qxd2 Qb4 16. 0-0 Qxd2 17. Nxd2 Be6 18. Rxc5 0-0-0 19. Rc2 Kc7 20. Rfc1 Rd3 21. Kf1 Ra3 22. Rb2 Rb8 23. Rxb8 Kxb8 24. Nb1 Rxa2 25. Nc3 Rb2 26. Nxa4 Rb4 27. Nc5 Bc4+ 28. Ke1 Kc7 29. Kd2 Bb5 30. Ke3 a5 31. f4 Rb2 32. g3 Re2+ 33. Kf3 Rxh2 34. Nb3 Ra2 35. Nd4 Ra3+ 36. Kf2 Ba6 37. Rc5 a4 38. g4 Rd3 39. Nf3 a3 40. Ne5 Rb3 41. Nxf7 Rb5 42. Rc1 a2 43. Ra1 Rb2+ 44. Ke3 Bc4 45. Ng5 h6 46. Nf7 Bxf7 0-1

[Event "LSS No Engine Cup 16 Preliminary 4"]
[Site "LSS email"]
[Date "2010.02.07"]
[Round "?"]
[White "Campbell, John"]
[Black "Van Esbroeck, Jeff"]
[Result "1-0"]
[WhiteElo "1498"]
[BlackElo "1715"]
[PlyCount "31"]
[EventDate "2010.02.08"]
[EventType "tourn (corr)"]
[EventRounds "6"]
[EventCountry "GER"]
[SourceTitle "Corr 2013"]
[Source "ChessBase"]
[SourceDate "2012.11.12"]
[SourceVersion "1"]
[SourceVersionDate "2012.11.12"]
[SourceQuality "1"]

1. d4 Nf6 2. c4 d5 3. cxd5 Nxd5 4. e4 Nf6 5. Nc3 e6 6. Nf3 Bb4 7. Bd3 0-0 8. 0-0 Bxc3 9. bxc3 Nc6 10. e5 Nd5 11. Qc2 g6 12. Bg5 Nce7 13. Rab1 Qd7 14. c4 Nb6 15. Qd2 Nf5 16. Bf6 1-0

[Event "LSS No Engine Cup 16 Preliminary 4"]
[Site "LSS email"]
[Date "2010.02.07"]
[Round "?"]
[White "Fernandez, German"]
[Black "Campbell, John"]
[Result "0-1"]
[WhiteElo "1093"]
[BlackElo "1511"]
[PlyCount "36"]
[EventDate "2010.02.08"]
[EventType "tourn (corr)"]
[EventRounds "6"]
[EventCountry "GER"]
[SourceTitle "Corr 2013"]
[Source "ChessBase"]
[SourceDate "2012.11.12"]
[SourceVersion "1"]
[SourceVersionDate "2012.11.12"]
[SourceQuality "1"]

1. d4 Nf6 2. c4 e6 3. Nf3 c5 4. d5 exd5 5. cxd5 d6 6. Nc3 Be7 7. e4 0-0 8. Bd3 Nbd7 9. Bf4 Nh5 10. Be3 Nb6 11. a4 f5 12. a5 f4 13. Bxc5 dxc5 14. axb6 Qxb6 15. Ra2 Qg6 16. 0-0 Bh3 17. Ne1 Bxg2 18. e5 Be4+ 0-1

[Event "OP-2010-0-01053"]
[Site "LSS email"]
[Date "2010.02.01"]
[Round "?"]
[White "Campbell, John"]
[Black "Figura, Atila Gajo"]
[Result "1/2-1/2"]
[WhiteElo "1540"]
[BlackElo "2072"]
[PlyCount "66"]
[EventDate "2010.01.14"]
[EventType "tourn (corr)"]
[EventRounds "4"]
[EventCountry "GER"]
[SourceTitle "Corr 2013"]
[Source "ChessBase"]
[SourceDate "2012.11.12"]
[SourceVersion "1"]
[SourceVersionDate "2012.11.12"]
[SourceQuality "1"]

1. d4 Nf6 2. c4 g6 3. Nf3 Bg7 4. Nc3 d5 5. cxd5 Nxd5 6. e4 Nxc3 7. bxc3 c5 8. Bc4 0-0 9. 0-0 Bg4 10. dxc5 Nd7 11. h3 Bxf3 12. Qxf3 Rc8 13. Be3 Nxc5 14. Rfd1 Qa5 15. Rac1 e6 16. Be2 Rfd8 17. Bd4 Na4 18. Bxg7 Kxg7 19. Rxd8 Rxd8 20. Rb1 b6 21. Rb4 Nc5 22. Rd4 Rd7 23. Kh2 Rc7 24. Qf4 Re7 25. Qd2 e5 26. Rb4 Rd7 27. Qc2 Qa3 28. Bc4 h5 29. Kg1 Rc7 30. Kh2 a5 31. Rxb6 Na4 32. Rb8 Rxc4 33. Qd3 Rd4 1/2-1/2

[Event "LSS No Engine Cup Gr13 prel 02 email"]
[Site "LSS email"]
[Date "2009.12.27"]
[Round "?"]
[White "Campbell, John"]
[Black "Holmquist, Marson C"]
[Result "1-0"]
[WhiteElo "1469"]
[BlackElo "933"]
[PlyCount "71"]
[EventDate "2009.12.28"]
[EventType "tourn (corr)"]
[EventRounds "6"]
[EventCountry "GER"]
[SourceTitle "Telechess CBM 137"]
[Source "ChessBase"]
[SourceDate "2010.07.15"]
[SourceVersion "1"]
[SourceVersionDate "2010.07.15"]
[SourceQuality "1"]

1. d4 d5 2. c4 c6 3. Nf3 e6 4. e3 Bb4+ 5. Bd2 a5 6. Bxb4 axb4 7. Qb3 Na6 8. c5 b5 9. Bd3 Ne7 10. Qc2 Qa5 11. 0-0 f5 12. Ne5 0-0 13. f4 Qd8 14. a4 Nc7 15. Nd2 bxa4 16. Rxa4 Rxa4 17. Qxa4 Rf6 18. Qxb4 Ba6 19. Bxa6 Nxa6 20. Qb7 Nc7 21. Ra1 Rf8 22. Nxc6 Qe8 23. Nxe7+ Qxe7 24. Ra7 Qh4 25. Qxc7 Qg4 26. Qd7 Qd1+ 27. Nf1 Qg4 28. Qxe6+ Kh8 29. Qxd5 h6 30. Ra8 Rxa8 31. Qxa8+ Kh7 32. c6 Qg6 33. c7 Qe6 34. c8Q Qf6 35. Qg8+ Kg6 36. Qae8+ 1-0

[Event "LSS OP-2009-0-01020"]
[Site "LSS email"]
[Date "2009.12.13"]
[Round "?"]
[White "Campbell, John"]
[Black "Moreira Lopes, Jose Carlos"]
[Result "0-1"]
[WhiteElo "1443"]
[BlackElo "1466"]
[PlyCount "112"]
[EventDate "2009.12.07"]
[EventType "tourn (corr)"]
[EventRounds "4"]
[EventCountry "GER"]
[SourceTitle "Telechess CBM 137"]
[Source "ChessBase"]
[SourceDate "2010.07.15"]
[SourceVersion "1"]
[SourceVersionDate "2010.07.15"]
[SourceQuality "1"]

1. d4 Nf6 2. c4 e6 3. Nc3 Bb4 4. Qc2 c5 5. a3 Qa5 6. Bd2 cxd4 7. Nb5 Bxd2+ 8. Qxd2 Qxd2+ 9. Kxd2 Ne4+ 10. Ke1 Kd8 11. Nxd4 e5 12. Nb3 d6 13. e3 Nf6 14. Rd1 Ke7 15. Nf3 b6 16. Nbd2 Bb7 17. Nh4 g6 18. Be2 Nbd7 19. f3 Nc5 20. b4 Ne6 21. Rf1 a5 22. b5 Rac8 23. Kf2 Rhd8 24. Rc1 Kf8 25. Kg1 Kg7 26. Rfd1 Rc7 27. Nb1 d5 28. cxd5 Rxc1 29. Rxc1 Nxd5 30. Kf2 f5 31. Bc4 Ndc7 32. Nc3 Kf6 33. e4 Nc5 34. Ke3 fxe4 35. Nxe4+ Bxe4 36. fxe4 Rd4 37. Nf3 Rxe4+ 38. Kf2 Ne8 39. Nd2 Rf4+ 40. Ke1 Nd6 41. Be2 Rh4 42. h3 Ra4 43. Rc3 e4 44. g3 Ke5 45. Kd1 Rd4 46. Kc2 Rd5 47. Nc4+ Nxc4 48. Bxc4 Rd8 49. Be2 Kd4 50. h4 e3 51. g4 Ke4 52. Rc4+ Ke5 53. Kb2 Rd2+ 54. Rc2 Kf4 55. Rxd2 exd2 56. Kc2 Ke3 0-1

[Event "LSS OP-2009-0-01020"]
[Site "LSS email"]
[Date "2009.12.13"]
[Round "?"]
[White "Ethier, Valori"]
[Black "Campbell, John"]
[Result "0-1"]
[WhiteElo "1342"]
[BlackElo "1504"]
[PlyCount "56"]
[EventDate "2009.12.07"]
[EventType "tourn (corr)"]
[EventRounds "4"]
[EventCountry "GER"]
[SourceTitle "Corr 2013"]
[Source "ChessBase"]
[SourceDate "2012.11.12"]
[SourceVersion "1"]
[SourceVersionDate "2012.11.12"]
[SourceQuality "1"]

1. f4 d5 2. b3 Bf5 3. Bb2 e6 4. e3 Nf6 5. Nf3 Bd6 6. d3 0-0 7. g3 Nc6 8. Bg2 Ng4 9. Qe2 Bc5 10. d4 Be7 11. a3 Nf6 12. 0-0 Ne4 13. c4 Bg4 14. Nc3 Qd7 15. Rac1 a5 16. Qc2 Nxc3 17. Qxc3 f6 18. Nd2 Rfe8 19. Qd3 Bf5 20. Qe2 Red8 21. Rfd1 a4 22. b4 Bg6 23. e4 dxc4 24. Nxc4 Qe8 25. Bf3 Bf7 26. Ne3 Rd7 27. d5 Na7 28. Rxc7 Rxc7 0-1

[Event "LSS ZL-2009-0-00616"]
[Site "LSS email"]
[Date "2009.11.23"]
[Round "?"]
[White "Campbell, John"]
[Black "Klapp, Ulrich"]
[Result "1-0"]
[WhiteElo "1453"]
[BlackElo "1252"]
[PlyCount "79"]
[EventDate "2009.11.13"]
[EventType "match (corr)"]
[EventRounds "2"]
[EventCountry "GER"]
[SourceTitle "Telechess CBM 137"]
[Source "ChessBase"]
[SourceDate "2010.07.15"]
[SourceVersion "1"]
[SourceVersionDate "2010.07.15"]
[SourceQuality "1"]

1. d4 d5 2. c4 c6 3. Nf3 e6 4. e3 Nd7 5. cxd5 exd5 6. Bd3 Ngf6 7. 0-0 Bd6 8. Nc3 0-0 9. Bd2 Re8 10. Nh4 Nb6 11. Nf5 Bb4 12. a3 Bxc3 13. Bxc3 Bxf5 14. Bxf5 Qd6 15. Bb4 Qc7 16. Ba5 Rad8 17. Rc1 Ne4 18. Qd3 g6 19. Bg4 Qd6 20. Bb4 Qf6 21. b3 Qh4 22. h3 f5 23. Bf3 Ng5 24. Be2 Ne4 25. a4 a6 26. Ba5 Nd7 27. Bxd8 Qxd8 28. b4 Nb6 29. a5 Nc4 30. Qc2 Ned6 31. g3 h5 32. h4 Qe7 33. Bd3 Na3 34. Qa2 Ndb5 35. Rc5 Kf8 36. Kg2 Qf6 37. Qb2 Nc4 38. Bxc4 dxc4 39. Rxc4 Nd6 40. Rcc1 1-0

[Event "LSS SE-2009-0-00033"]
[Site "LSS email"]
[Date "2009.11.23"]
[Round "?"]
[White "Laureles, Raymundo"]
[Black "Campbell, John"]
[Result "0-1"]
[WhiteElo "1310"]
[BlackElo "1473"]
[PlyCount "92"]
[EventDate "2009.08.30"]
[EventType "tourn (corr)"]
[EventRounds "6"]
[EventCountry "GER"]
[SourceTitle "Telechess CBM 137"]
[Source "ChessBase"]
[SourceDate "2010.07.15"]
[SourceVersion "1"]
[SourceVersionDate "2010.07.15"]
[SourceQuality "1"]

1. e4 c5 2. Nf3 d6 3. d4 cxd4 4. Nxd4 e5 5. Nb5 Nf6 6. N1c3 a6 7. Na3 Be7 8. Bg5 0-0 9. Bxf6 Bxf6 10. Nc4 Be7 11. Nd5 Nc6 12. Nxe7+ Qxe7 13. Qxd6 Qg5 14. Ne3 Rd8 15. Qc5 Nd4 16. 0-0-0 Be6 17. Kb1 Rac8 18. h4 Qf6 19. Qa5 Nxc2 20. Rxd8+ Rxd8 21. Nd5 Bxd5 22. exd5 Nd4 23. Bd3 g6 24. h5 g5 25. h6 Qd6 26. Rh5 f6 27. b3 Rc8 28. Qd2 Kh8 29. Be4 b5 30. Qd3 Qd7 31. f4 Qg4 32. Rh1 gxf4 33. Bxh7 f5 34. Bxf5 Nxf5 35. Qe4 Re8 36. Rc1 Nxh6 37. Rh1 Kg7 38. d6 Qf5 39. Re1 Kf6 40. Kb2 Qxe4 41. Rxe4 Nf5 42. d7 Rd8 43. a4 Rxd7 44. axb5 axb5 45. Kc3 Ne3 46. g3 Kf5 0-1

[Event "LSS ZI-2009-0-00566"]
[Site "LSS email"]
[Date "2009.11.14"]
[Round "?"]
[White "Windheim, Charles"]
[Black "Campbell, John"]
[Result "1-0"]
[WhiteElo "1631"]
[BlackElo "1527"]
[PlyCount "113"]
[EventDate "2009.11.03"]
[EventType "match (corr)"]
[EventRounds "2"]
[EventCountry "GER"]
[SourceTitle "Telechess CBM 137"]
[Source "ChessBase"]
[SourceDate "2010.07.15"]
[SourceVersion "1"]
[SourceVersionDate "2010.07.15"]
[SourceQuality "1"]

1. e4 c5 2. Nc3 e6 3. f4 Nc6 4. Nf3 a6 5. g3 d5 6. d3 Be7 7. Bg2 Nf6 8. Ne5 0-0 9. Nxc6 bxc6 10. 0-0 d4 11. Na4 Bb7 12. b3 Rb8 13. Ba3 Nd7 14. Qd2 Re8 15. e5 Qc7 16. Rac1 Rbd8 17. c3 f6 18. cxd4 cxd4 19. Bxe7 Rxe7 20. Qb4 Rf7 21. exf6 Nxf6 22. Rfe1 Rd6 23. Qc4 Re7 24. Nc5 Bc8 25. Bh3 Qa5 26. b4 Qb5 27. a4 Qxc4 28. Rxc4 Kf7 29. Nb3 Nd5 30. Nxd4 Bd7 31. Nf3 Kf8 32. a5 g6 33. Nd2 Nf6 34. Bf1 Re8 35. Nb3 Kg7 36. d4 Bc8 37. Rec1 Bd7 38. Nc5 Bc8 39. R4c2 Rxd4 40. Bxa6 Bxa6 41. Nxa6 Nd5 42. Rc4 Rxc4 43. Rxc4 e5 44. fxe5 Rxe5 45. Rxc6 Re1+ 46. Kf2 Rb1 47. Kf3 Rb3+ 48. Ke4 Nxb4 49. Rb6 Ra3 50. Nxb4 Rxa5 51. Rb7+ Kh6 52. Nd5 g5 53. Rb6+ Kh5 54. h3 Ra4+ 55. Ke5 Ra5 56. g4+ Kh4 57. Rh6+ 1-0

[Event "LSS OP-2009-0-00978"]
[Site "LSS email"]
[Date "2009.10.24"]
[Round "?"]
[White "Campbell, John"]
[Black "Barna, Tamas Jr"]
[Result "1-0"]
[WhiteElo "1000"]
[BlackElo "676"]
[PlyCount "37"]
[EventDate "2009.10.19"]
[EventType "tourn (corr)"]
[EventRounds "4"]
[EventCountry "GER"]
[SourceTitle "Telechess CBM 137"]
[Source "ChessBase"]
[SourceDate "2010.07.15"]
[SourceVersion "1"]
[SourceVersionDate "2010.07.15"]
[SourceQuality "1"]

1. d4 d5 2. c4 c6 3. cxd5 cxd5 4. Nf3 Nc6 5. Nc3 Nf6 6. Ne5 Nxe5 7. dxe5 Nd7 8. Qxd5 e6 9. Qe4 Bb4 10. Qxb4 Nxe5 11. Bf4 Nc6 12. Qd6 Qxd6 13. Bxd6 Nd4 14. Rd1 Nf5 15. Ba3 Bd7 16. e4 Ne7 17. Bb5 Bxb5 18. Nxb5 a6 19. Nc7+ 1-0

[Event "LSS ZL-2009-0-00600"]
[Site "LSS email"]
[Date "2009.10.23"]
[Round "?"]
[White "Campbell, John"]
[Black "Lendrim, Terry"]
[Result "1-0"]
[WhiteElo "1545"]
[BlackElo "1200"]
[PlyCount "71"]
[EventDate "2009.10.19"]
[EventType "match (corr)"]
[EventRounds "2"]
[EventCountry "GER"]
[SourceTitle "Telechess CBM 137"]
[Source "ChessBase"]
[SourceDate "2010.07.15"]
[SourceVersion "1"]
[SourceVersionDate "2010.07.15"]
[SourceQuality "1"]

1. d4 d5 2. Nf3 e6 3. c4 Nf6 4. e3 Nc6 5. c5 a6 6. Bd3 Nb4 7. Qa4+ Nc6 8. Ne5 Bd7 9. Nxd7 Qxd7 10. Nc3 a5 11. 0-0 Nb4 12. Bb5 c6 13. Be2 Be7 14. a3 Na6 15. Qxa5 Bd8 16. Qa4 0-0 17. f4 Nc7 18. Qc2 e5 19. fxe5 Ng4 20. e4 h6 21. h3 dxe4 22. Qxe4 Nb5 23. Nxb5 f5 24. Qd3 Nxe5 25. dxe5 Qxd3 26. Bxd3 cxb5 27. Rxf5 Be7 28. Rxf8+ Rxf8 29. b4 Kf7 30. Bxb5 Ke6 31. Bb2 Bd8 32. Rd1 Bg5 33. Bc4+ Ke7 34. e6 Rd8 35. Rxd8 Kxd8 36. Bxg7 1-0

[Event "LSS OP-2009-0-00973"]
[Site "LSS email"]
[Date "2009.10.20"]
[Round "?"]
[White "Campbell, John"]
[Black "Barna, Zsolt"]
[Result "1/2-1/2"]
[WhiteElo "1000"]
[BlackElo "800"]
[PlyCount "40"]
[EventDate "2009.10.16"]
[EventType "tourn (corr)"]
[EventRounds "4"]
[EventCountry "GER"]
[SourceTitle "Telechess CBM 137"]
[Source "ChessBase"]
[SourceDate "2010.07.15"]
[SourceVersion "1"]
[SourceVersionDate "2010.07.15"]
[SourceQuality "1"]

1. e4 e5 2. Nf3 Nc6 3. Bb5 a6 4. Ba4 Nf6 5. 0-0 Nxe4 6. Re1 b5 7. Bb3 d5 8. d3 Nf6 9. Nxe5 Nxe5 10. Rxe5+ Be6 11. Bg5 Bd6 12. Re1 c6 13. Qf3 h6 14. Bxf6 Qxf6 15. Qxf6 gxf6 16. c4 Kd7 17. cxd5 cxd5 18. d4 Bb4 19. Re3 Rac8 20. Nc3 Bxc3 1/2-1/2

[Event "LSS OP-2009-0-00973"]
[Site "LSS email"]
[Date "2009.10.20"]
[Round "?"]
[White "Venturas, Bob"]
[Black "Campbell, John"]
[Result "0-1"]
[WhiteElo "2167"]
[BlackElo "1000"]
[PlyCount "80"]
[EventDate "2009.10.16"]
[EventType "tourn (corr)"]
[EventRounds "4"]
[EventCountry "GER"]
[SourceTitle "Telechess CBM 137"]
[Source "ChessBase"]
[SourceDate "2010.07.15"]
[SourceVersion "1"]
[SourceVersionDate "2010.07.15"]
[SourceQuality "1"]

1. e4 c5 2. Nc3 Nc6 3. Nf3 Nf6 4. a3 e6 5. Bb5 a6 6. Bxc6 dxc6 7. h3 Be7 8. Qe2 b5 9. e5 Nd5 10. Ne4 Nf4 11. Qf1 0-0 12. d4 Ng6 13. Qd3 cxd4 14. Nxd4 Nxe5 15. Qe3 c5 16. Nb3 c4 17. Nbd2 f5 18. Nc5 Qd5 19. b4 f4 20. Qe4 Bxc5 21. Qxd5 exd5 22. bxc5 Bf5 23. c3 Nd3+ 24. Kf1 Nxc5 25. f3 Rfe8 26. Kf2 Nd3+ 27. Kg1 Re1+ 28. Kh2 Rae8 29. a4 bxa4 30. Ba3 R8e2 31. Rb1 Rxh1+ 32. Rxh1 Rxd2 33. Rb1 h6 34. Rb6 Ne1 35. Kg1 Nxg2 36. Rxa6 Bxh3 37. Kh2 Bd7 38. Rd6 Nh4+ 39. Kh1 Nxf3 40. Rxd7 Rh2# 0-1